Carrying capacity reconsidered from Malthu's population theory to cultural carrying capacity

Na minha lista:
Detalhes bibliográficos
Autor principal: Seidl, Irmi
Outros Autores: Tisdell, Clem
Formato: Livro
Idioma:inglês
Publicado em: Brisbane The University of Queensland 1998
Colecção:Economic issues No. 4
Assuntos:
Tags: Adicionar Tag
Sem tags, seja o primeiro a adicionar uma tag!

MARC

LEADER 00000nam a2200000 4500
001 c110426
005 20221221081750.6
022 |a 1441-2780 
041 0 |a eng 
044 |a AU 
245 1 0 |a Carrying capacity reconsidered  |b from Malthu's population theory to cultural carrying capacity  |c Irmi Seidl and Clem Tisdell 
264 1 |a Brisbane  |b The University of Queensland  |c 1998 
300 |a 25 s. 
490 1 |a Economic issues  |v No. 4 
830 0 |a Economic issues  |v No. 4 
610 2 0 |a biológia 
610 2 0 |a ekológia 
610 2 0 |a prostredie životné 
610 2 0 |a populácia 
610 2 0 |a vývoj populačný 
610 2 0 |a demografia 
610 2 0 |a výskum populačný 
610 2 0 |a Malthus, T.R. 
610 2 0 |a Darwin 
100 1 |a Seidl, Irmi 
700 1 |a Tisdell, Clem